000 01388nim a2200277 a 4500
003 BLK
005 20250326122558.0
007 sd ammalaaahaa
008 221104b bu |||||s|||| 00| | bu d
028 _aBАA 1885
040 _aBLK
041 _aBUL
_cBUL
080 _aЛитература на отделни езици и езикови семейства
_b821
_z821-93-31(086.72)
100 _aСтратиев, Станислав
_9365396
_d1941-2000
_qМиладинов, Станко Стратиев
245 _aПътешествие без куфар
_bдраматизация по едноименната книга на Станислав Стратиев
260 _9210374
_aСофия
_bБалкантон
_c1977
300 _a1 грамофонна плоча
_b33 об/мин, двустранна, стерео
_c30 см
380 _aDX
511 _aУчавствуват: Меглена Караламбова, Асен Ангелов, В. Борисов, Леда Тасева, Ани Бакалова, Домна Ганева, Николай Бинев, Иван Андонов Музика Петър Ступел Режисьор: Иван Андонов
852 _aФ ІІ 3541
856 _i0.00
_ldisable
942 _cGPL
_n0
944 _cНора Радева
_k30545
_lНора Радева
_a30545
999 _c530099
_d530099
999 _d530096
999 _d530095